Statistiken für Minecraft - Alle Mobs

Klicken Sie hier um das Quiz zu spielen!

Allgemein

  • Dieses Quiz wurde 5.745 mal gespielt
    (5.342 seit der letzten Aktualisierung)
  • Das Durchschnittsergebnis liegt bei 40 aus 73

Antwortstatistiken

KategorieMob% Korrekt
Tiere/AndereSchwein
97%
FeindeZombie
97%
Tiere/AndereKuh
94%
FeindeSkelett
92%
FeindeEnderdrache
90%
FeindeEnderman
89%
Tiere/AndereDorfbewohner
87%
Tiere/AndereSchaf
86%
FeindeCreeper
85%
Tiere/AndereHuhn
83%
Tiere/AndereWolf / Hund
81%
Tiere/AndereKatze
79%
FeindeSpinne
79%
FeindeWither
79%
Tiere/AnderePferd
78%
Tiere/AndereLachs
74%
FeindePiglin
73%
FeindeLohe
67%
FeindeWitherskelett
67%
Tiere/AndereEsel
66%
Tiere/AnderePapagei
66%
Tiere/AndereEisengolem
65%
FeindeGhast
62%
FeindeHexe
59%
Tiere/AndereOzelot
59%
FeindeSilberfischchen
58%
Tiere/AndereBiene
57%
Tiere/AndereTintenfisch
56%
FeindePlünderer
55%
FeindeSchleim
55%
FeindeShulker
55%
Tiere/AnderePanda
54%
Tiere/AndereKaninchen
53%
FeindeWächter
53%
Tiere/AndereFledermaus
52%
Tiere/AndereKabeljau
52%
Tiere/AndereLama / Händlerlama
52%
FeindeErtrunkener
51%
Tiere/AndereTropenfisch
51%
FeindeWärter
51%
Tiere/AndereDelfin
50%
Tiere/AndereEisbär
49%
Tiere/AndereKugelfisch
49%
Tiere/AndereMaultier
48%
FeindeEndermite
47%
Tiere/AndereFuchs
47%
Tiere/AndereZiege
47%
Tiere/AndereFrosch
46%
FeindeHöhlenspinne
45%
FeindeHoglin
44%
FeindePhantom
44%
Tiere/AndereAxolotl
43%
FeindeZombiedorfbewohner
40%
Tiere/AndereFahrender Händler
39%
FeindeZombifizierter Piglin
39%
FeindeGroßer Wächter
38%
FeindeWüstenzombie
38%
FeindeMagier
37%
Tiere/AndereSchildkröte
37%
Tiere/AndereSkelettpferd
37%
FeindePlagegeist
36%
Tiere/AndereSchneegolem
36%
FeindeZoglin
34%
FeindeMagmawürfel
33%
Tiere/AndereSchreiter
31%
Tiere/AndereLeuchttintenfisch
28%
FeindePiglin-Barbar
28%
FeindeDiener
26%
Tiere/AndereHilfsgeist
24%
FeindeEiswanderer
23%
FeindeVerwüster
23%
Tiere/AndereKaulquappe
17%
Tiere/AndereMooshroom
14%

Verteilung der Resultate

Perzentil nach korrekt beantworteten Fragen

Anzahl Personen mit jedem Resultat

Ihre Resultats-Entwicklung

Sie haben dieses Quiz seit der letzten Aktualisierung nicht gespielt